000
00257nam a2200109 a 4500
005
20140414132002.0
008
110216s19uu xx 00 eng d
050
_a
TR 411
_b
Q4 2007
100
_a
Quien, Arleen
245
_a
Writing works! 6.
999
_c
113094
_d
113094